| 000 | 00590nam a2200169 a 4500 | ||
|---|---|---|---|
| 001 | 000045998 | ||
| 005 | 20201002052554.0 | ||
| 008 | 150609s2006 pe ac 000 0 spa d | ||
| 020 | _a9972321193 | ||
| 040 |
_aDO-SdBNP _bspa _cBNPHU |
||
| 082 |
_axxxx _bxxxx |
||
| 100 | 1 |
_aLarrán García, Pablo, _d1956- _974068 |
|
| 245 | 1 | 0 |
_aMomentos de paz II : _bmas reflexiones para el caminino / _cPadre Pablo Larrán García. |
| 260 |
_aLima, Perú : _bPalomino, _c2006. |
||
| 300 |
_a130 p. : _bil., retrs. ; _c21 cm. |
||
| 500 | _aIncluye datos biográficos del autor en la solapa de la contracubierta | ||
| 999 |
_c45487 _d45487 |
||